Library Banner

Maha Vastu / (Record no. 108635)

MARC details
000 -LEADER
fixed length control field 00437nam a22001577a 4500
005 - DATE AND TIME OF LATEST TRANSACTION
control field 20181027101132.0
008 - FIXED-LENGTH DATA ELEMENTS--GENERAL INFORMATION
fixed length control field 181027b ||||| |||| 00| 0 eng d
020 ## - INTERNATIONAL STANDARD BOOK NUMBER
International Standard Book Number 9789380069371
040 ## - CATALOGING SOURCE
Transcribing agency PK-LaUMT
082 ## - DEWEY DECIMAL CLASSIFICATION NUMBER
Classification number 294.392
Item number BAN-M
100 ## - MAIN ENTRY--PERSONAL NAME
Personal name Bansal, Vastushastri Khushdeep
245 ## - TITLE STATEMENT
Title Maha Vastu /
Statement of responsibility, etc Vastushastri Khushdeep Bansal
260 ## - PUBLICATION, DISTRIBUTION, ETC. (IMPRINT)
Place of publication, distribution, etc Uttar Pradesh :
Name of publisher, distributor, etc Om Books International,
Date of publication, distribution, etc 2018
300 ## - PHYSICAL DESCRIPTION
Extent 149 p.
942 ## - ADDED ENTRY ELEMENTS (KOHA)
Koha item type Books
Holdings
Withdrawn status Lost status Damaged status Home library Current library Date acquired Full call number Barcode Date last seen Price effective from Koha item type
      UMT Main Campus UMT Main Campus 2018-10-27 294.392 BAN-M 126207 2025-04-25 2018-10-27 Books